| 000 | 00656nam a2200193 a 4500 | ||
|---|---|---|---|
| 005 | 20210223132458.0 | ||
| 008 | 141003s2013 mx r 000 0 spa d | ||
| 020 | _a9786074948813 | ||
| 035 | _aUPN01000199933 | ||
| 049 | _aCD | ||
| 050 | 4 |
_aHA767 B8 _bA5 2013 |
|
| 110 | 2 |
_aInstituto Nacional de Estadística y Geografía (México) _931996 |
|
| 245 | 1 | 0 |
_aAnuario estadístico y geográfico de Baja California Sur : _b2013 / _cInstituto Nacional de Estadística y Geografía. |
| 260 |
_aMéxico : _bINEGI, _cc2013. |
||
| 300 |
_a1 CD-ROM ; _c4 3/4 plg. |
||
| 651 | 4 |
_aBAJA CALIFORNIA SUR - _vCENSOS _92640 |
|
| 905 | _aElectrónico | ||
| 999 |
_c172034 _d172034 |
||